Chinese Political Discourse in Translation : (Record no. 1678624)

MARC details
000 -LEADER
fixed length control field 00839nam a22002417a 4500
003 - CONTROL NUMBER IDENTIFIER
control field OSt
005 - DATE AND TIME OF LATEST TRANSACTION
control field 20260204115638.0
008 - FIXED-LENGTH DATA ELEMENTS--GENERAL INFORMATION
fixed length control field 260204b |||||||| |||| 00| 0 eng d
020 ## - INTERNATIONAL STANDARD BOOK NUMBER
International Standard Book Number 9781032897608
040 ## - CATALOGING SOURCE
Original cataloging agency EASL
Language of cataloging eng
Transcribing agency EASL
041 ## - LANGUAGE CODE
Language code of text/sound track or separate title eng
Source of code eng
084 ## - COLON CLASSIFICATION NUMBER
Classification number P,3,W:v.41 R5
Assigning agency EASL
100 ## - MAIN ENTRY--PERSONAL NAME
Personal name Du, Lijuan
9 (RLIN) 1113593
245 ## - TITLE STATEMENT
Title Chinese Political Discourse in Translation :
Remainder of title A Corpus-based Critical Discourse Analysis /
260 ## - PUBLICATION, DISTRIBUTION, ETC.
Place of publication, distribution, etc. London :
Name of publisher, distributor, etc. Routledge ,
Date of publication, distribution, etc. 2025 .
300 ## - PHYSICAL DESCRIPTION
Extent xiii, 193p.
490 ## - SERIES STATEMENT
Materials specified Routledge Advances in Translation and Interpreting Studies
650 ## - SUBJECT ADDED ENTRY--TOPICAL TERM
Topical term or geographic name entry element Chinese English Language
9 (RLIN) 1113594
651 ## - SUBJECT ADDED ENTRY--GEOGRAPHIC NAME
Geographic name Translating and interpreting-Political aspects-China.
9 (RLIN) 1113595
700 ## - ADDED ENTRY--PERSONAL NAME
Personal name Du, Lijuan
9 (RLIN) 1113593
942 ## - ADDED ENTRY ELEMENTS (KOHA)
Source of classification or shelving scheme Colon Classification (CC)
Suppress in OPAC No
Koha item type Textual
Classification part P,3,W:v.41 R5
Holdings
Withdrawn status Lost status Source of classification or shelving scheme Damaged status Not for loan Collection Home library Current library Shelving location Date acquired Source of acquisition Cost, normal purchase price Inventory number Total Checkouts Full call number Barcode Date last seen Price effective from Koha item type
    Colon Classification (CC)     Chinese English Language Department of East Asian Studies Library Department of East Asian Studies Library General Stacks 2025-09-16 Bright Book Service 13878.24 2483/09-09-2025   P,3,W:v.41 R5 EA1604607 2026-02-04 2026-02-04 Textual
Copyright @ Delhi University Library System